000 01554cam a22002054a 4500
005 20250605164129.0
008 250528s ||||||||||||||||||||||||d
035 _a18561
020 _a1850767254
040 _aGR-AtMCL
_bgre
_dGR-AtMCL
_eAACR2
245 1 _aThe Art and Craft of Paper Sculpture
260 _bAppleton Century Crofts,
_c1996
300 _a130
505 0 _aIntroduction, Basic Techniques, Paper and Boards, Equipment, Techniques, How to Cut, Creasing, Pleats, Zigzag Pleats, Pop-Ups, Textured Surfaces, Tabbling, Layered Relief, Blocked Relief, Crimping, Using Light, Decorative Frames, Supported Frames, Relief Frames, Scroll Frames, Man in the Moon, Mona Lisa, Elephant, Nameplate, Rose, Matisse Paper Cutout, Swan, CFollapsible Cityscape, Mask, Twist-Out Star, Fall Leaves, Po-Up Head, Cylinder Abstract, Fish, Rooster, Valentine Mobile, Steam Train, Cloudscape, Dove, Fun Monster Puppet.
520 _aIntroduction, Basic Techniques, Paper and Boards, Equipment, Techniques, How to Cut, Creasing, Pleats, Zigzag Pleats, Pop-Ups, Textured Surfaces, Tabbling, Layered Relief, Blocked Relief, Crimping, Using Light, Decorative Frames, Supported Frames, Relief Frames, Scroll Frames, Man in the Moon, Mona Lisa, Elephant, Nameplate, Rose, Matisse Paper Cutout, Swan, CFollapsible Cityscape, Mask, Twist-Out Star, Fall Leaves, Po-Up Head, Cylinder Abstract, Fish, Rooster, Valentine Mobile, Steam Train, Cloudscape, Dove, Fun Monster Puppet.
700 1 _aJackson Paul
_94826
942 _cBK
999 _c3912
_d3912